000
00420nam a22001337a 4500
020
_a
9789351115106
082
_a
362.7062 SAT
100
_a
Bharti Satsangi
245
_a
The right of the child
260
_a
New Delhi
_b
Random publications
_c
2015
300
_a
275p
942
_c
BK
999
_c
3551
_d
3551